All Chief Justices of the United States - Statistics

General Stats
  • This quiz has been taken 51 times
  • The average score is 9 of 17
Answer Stats
Time Served President Who Appointed Them Answer % Correct
February 4, 1801 - July 6, 1835 John Adams John Marshall
82%
September 29, 2005 - present George W. Bush John Roberts
82%
July 11, 1921 - February 3, 1930 Warren Harding William Howard Taft
82%
June 23, 1969 - September 26, 1986 Richard Nixon Warren E. Burger
75%
October 5, 1953 - June 23, 1969 Dwight D. Eisenhower Earl Warren
68%
March 28, 1836 - October 12, 1864 Andrew Jackson Roger B. Taney
68%
September 26, 1986 - September 3, 2005 Ronald Reagan William Rehnquist
68%
October 19, 1789 - June 29, 1795 George Washington John Jay
57%
February 24, 1930 - June 30, 1941 Herbert Hoover Charles Evans Hughes
50%
October 8, 1888 - July 4, 1910 Grover Cleveland Melville Fuller
43%
December 15, 1864 - May 7, 1873 Abraham Lincoln Salmon P. Chase
43%
December 19, 1910 - May 19, 1921 William Howard Taft Edward Douglass White
39%
June 24, 1946 - September 8, 1953 Harry Truman Fred M. Vinson
39%
August 12, 1795 - December 28, 1795 George Washington John Rutledge
36%
July 3, 1941 - April 22, 1946 Franklin D. Roosevelt Harlan F. Stone
32%
March 8, 1796 - December 15, 1800 George Washington Oliver Ellsworth
32%
March 4, 1874 - March 23, 1888 Ulysses S. Grant Morrison Waite
25%
No matching quizzes found
Score Distribution
Percent of People with Each Score
Percentile by Number Answered
Your Score History
You have not taken this quiz